La era de la información: economía, sociedad y cultura
Spremljeno u:
| Glavni autor: | |
|---|---|
| Format: | Knjiga |
| Jezik: | španjolski |
| Izdano: |
Madrid
Alianza
2000
|
| Izdanje: | 2a. ed |
| Serija: | Biblioteca Selecta
|
| Teme: | |
| Oznake: |
Dodaj oznaku
Bez oznaka, Budi prvi tko označuje ovaj zapis!
|
MARC
| LEADER | 00000nam a2200000 a 4500 | ||
|---|---|---|---|
| 001 | UCL6713 | ||
| 003 | CL-VaPUC | ||
| 008 | 040416e20000000SP |||||||||||||||||spa|d | ||
| 020 | |a 8420642460 | ||
| 020 | |a 8420644943v.1 | ||
| 020 | |a 8420647403v.2 | ||
| 020 | |a 8420644560v.3 | ||
| 020 | |a v | ||
| 082 | 0 | 4 | |a 301 |b CAS |2 21 |
| 100 | 0 | |a Castells, Manuel |e author |9 484396 | |
| 245 | 1 | 3 | |a La era de la información: economía, sociedad y cultura |
| 250 | |a 2a. ed | ||
| 942 | |c BK | ||
| 945 | |d 20040416 00:00:00 |a cmena | ||
| 260 | |a Madrid |b Alianza |c 2000 | ||
| 500 | |a v. 1: La sociedad red | ||
| 500 | |a v.2: El poder de la identidad | ||
| 500 | |a v.3: Fin del milenio | ||
| 650 | 0 | |a Tecnología de la información |9 254825 | |
| 650 | 7 | |a ECONOMIA INFORMACIONAL |2 CL-VaPUC |9 470048 | |
| 650 | 0 | |a Globalización |9 361930 | |
| 583 | |a last modification |c 20040416 00:00:00 |k Rodrigo Vera | ||
| 490 | 0 | |a Biblioteca Selecta | |
| 999 | |c 308699 |d 308697 | ||
| 952 | |0 0 |1 0 |4 0 |6 301_000000000000000_CAS_2000 |7 0 |8 A |9 375386 |a BIBHIS |b BIBHIS |d 2019-11-21 |h v.1 |i 4006593 |o 301 CAS 2000 |p 4006593 |r 2025-01-20 |w 2019-11-21 |y BK |k HIS | ||
| 952 | |0 0 |1 0 |4 0 |6 301_000000000000000_CAS_2000 |7 0 |8 A |9 375387 |a BIBHIS |b BIBHIS |d 2019-11-21 |h v.2 |i 4006607 |o 301 CAS 2000 |p 4006607 |r 2025-01-20 |w 2019-11-21 |y BK |k HIS | ||
| 952 | |0 0 |1 0 |4 0 |6 301_000000000000000_CAS_2000 |7 0 |8 A |9 375388 |a BIBHIS |b BIBHIS |d 2019-11-21 |h v.3 |i 4006615 |o 301 CAS 2000 |p 4006615 |r 2025-01-20 |w 2019-11-21 |y BK |k HIS | ||